| 000 | 00406nam a2200133Ia 4500 | ||
|---|---|---|---|
| 008 | 231129s9999||||xx |||||||||||||| ||spa|| | ||
| 020 | _a958-9194-05-2 | ||
| 040 | _bspa | ||
| 082 | _a 394.2646 A611v | ||
| 100 | _aAnkerberg John | ||
| 245 | 0 | _aLa verdad sobre el halloween: Lo que usted necesita saber | |
| 264 | _aCentros de Literatura Cristiana | ||
| 942 |
_2ddc _cBKS |
||
| 999 |
_c18416 _d18416 |
||